000 00487nam a2200145Ia 4500
008 100204s9999 xx 000 0 und d
082 _b25177
100 _aअत्रे प्रल्हाद केशव
245 _aकऱ्हेचे पाणी
260 _b"पुरंदरं पंकाशन , पुणे"
_c1997/14
300 _a399
630 _aकऱ्हेचे पाणी
730 _aकऱ्हेचे पाणी
942 _cBOOK
999 _c470358
_d470355